000 01853nam a2200205 a 4500
003 KPN
005 20260413161623.0
008 20260413b 00| 0 my d
020 _a9789675783357
_cRM16.00
_qpaperback
040 _cKPN
082 0 4 _aBM FD ROS 2010
_223
090 0 0 _aBM FD ROS 2010
_bROS
100 0 _aRose Harissa,
_d1977-
245 1 0 _aSeperti keju & coklat /
_cRose Harissa
260 _aBatu Caves, Selangor :
_bPTS Litera Utama,
_c2010
300 _a261ms. ;
_c19cm.
521 _aSiapa sangka keju dan coklat dapat 'bersatu' dalam hidangan pisang? Begitulah kisah Aqil dan Raisya. Safiy Aqil yang pernah menghidap Sindrom Asperger menuntut di UTM. Dia suka memencilkan diri dan tidak bergaul dengan sesiapa. Siapa sangka, abang tirinya, Rafa'e belajar di tempat yang sama, dalam jurusan yang sama. Rafa'e bukan sahaja menabur fitnah terhadap Aqil di hadapan Raisya malah di hadapan ayah mereka, Dato' Hamdan sehingga Dato' Hamdan membenci Aqil sekeluarga. Pada semester ini, sudah tiga kali Aqil mengulang subjek yang sama. Pada semester ini juga, dia 'terpaksa' berkenalan dengan Raisya. Raisya berjaya mengubah Aqil, dari seorang yang pendiam dan lokek senyuman, kini Raisya berjaya membuatkan Aqil menguntum senyuman. Aqil juga kembali bersemangat untuk menamatkan pengajiannya. Siapa sangka, hujan di tengah hari. Ada seseorang mengoyak lukisan AutoCad Raisya pada hari penilaian. Lukisan Aqil turut sama dikoyak. Angkara siapakah ini? Aqil ibarat sudah jatuh ditimpa tangga. Hanya kerana kehilangan handset, Aqil lewat menerima berita kematian ibunya. Aqil ditimpa kemalangan. Namun, kemalangan itu membongkar segala kejahatan Rafa'e dan ibunya. Raisya setia menemani dan memberikan sokongan moral kepada Aqil. Akhirnya keju (Aqil) dan coklat (Raisya) bersatu dalam perhubungan jarak jauh.
650 1 0 _aMalay fiction
942 _2ddc
_c1
_n0
999 _c1808
_d1808